000 01075nam a2200217Ia 4500
003 Ost
005 20260507075129.0
008 260507s9999||||xx |||||||||||||| ||und||
020 _a2090345977
040 _cfsecg
041 _aara
082 _a330
100 _aلويس، جورج
_eمؤلف
245 0 _aوضع سياسة تسعير مربحة /
_c جورج لويس
260 _aالقاهرة:
_bدار الفاروق للنشر والتوزيع,
_c2002
300 _a72 صفحة؛
_bإيضاحات ؛
_c24 سم
520 _aالعلاقة بين الربح وتسعير السلع- كيفية حساب الأسعار- إعتماد سياسة المبيعات لمزيج من المنتجات- تحديد أسعار المنتجات والمقاولات الخاصة- تكلفة ساعات العمل- التقديرات وعروض الأسعار العطاءات- التفاوض على الأسعار- العمل الجدي- البحث والتصميم والتطوير.
653 _aالسعر
653 _aسياسة التسعير
942 _cكتاب
999 _c43190
_d43190